Marca España (Record no. 185008)

MARC details
000 -LEADER
campo de control de longitud fija 00884nam a2200277 i 4500
001 - NÚMERO DE CONTROL
campo de control 185008
003 - IDENTIFICADOR DE NÚMERO DE CONTROL
campo de control SpMaBN
005 - FECHA Y HORA DE LA ÚLTIMA TRANSACCIÓN
campo de control 20250902062945.0
008 - DATOS DE LONGITUD FIJA--INFORMACIÓN GENERAL
campo de control de longitud fija 160304s2014 sp d |||| | spa d
020 ## - NÚMERO INTERNACIONAL ESTÁNDAR DEL LIBRO
Número Internacional Estándar del Libro 978-84-9888-607-8
080 ## - NÚMERO DE LA CLASIFICACIÓN DECIMAL UNIVERSAL
Número de la Clasificación Decimal Universal 339.5(460)
100 1# - ENTRADA PRINCIPAL--NOMBRE DE PERSONA
Nombre de persona Ramiro, Pedro,
Forma completa/desarrollada del nombre Ramiro Pérez
9 (RLIN) 158965
245 10 - MENCIÓN DEL TÍTULO
Título Marca España
Resto del título : ¿a quién beneficia? /
Mención de responsabilidad, etc. Pedro Ramiro.
250 ## - MENCION DE EDICION
Mención de edición 1ª ed. amp.
260 ## - PUBLICACIÓN, DISTRIBUCIÓN, ETC.
Lugar de publicación, distribución, etc. Barcelona :
Nombre del editor, distribuidor, etc. Icaria,
Fecha de publicación, distribución, etc. 2014.
300 ## - DESCRIPCIÓN FÍSICA
Extensión 95 p. ;
Dimensiones 18 cm.
490 1# - MENCIÓN DE SERIE
Mención de serie Asaco ;
Designación de volumen o secuencia 22
504 ## - NOTA DE BIBLIOGRAFÍA, ETC.
Nota de bibliografía, etc. Bibliografía: p. 91-95.
650 #7 - PUNTO DE ACCESO ADICIONAL DE MATERIA--TÉRMINO DE MATERIA
Término de materia o nombre geográfico como elemento de entrada Empresas españolas
Fuente del encabezamiento o término embne
9 (RLIN) 158967
651 #7 - PUNTO DE ACCESO ADICIONAL DE MATERIA--NOMBRE GEOGRÁFICO
Nombre geográfico España-
Subdivisión general Comercio exterior.
9 (RLIN) 8178
651 #7 - PUNTO DE ACCESO ADICIONAL DE MATERIA--NOMBRE GEOGRÁFICO
Nombre geográfico España-
Subdivisión general Política exterior-
Subdivisión cronológica 1996-
9 (RLIN) 158968
651 #4 - PUNTO DE ACCESO ADICIONAL DE MATERIA--NOMBRE GEOGRÁFICO
Nombre geográfico España-
Subdivisión general Política económica-
Subdivisión cronológica 2011-
9 (RLIN) 156430
830 0# - PUNTO DE ACCESO ADICIONAL DE SERIE-TÍTULO UNIFORME
Título uniforme Asaco ;
Designación de volumen o secuencia 22
9 (RLIN) 225157
852 ## - LOCALIZACIÓN
Ubicación ES-MaACL
Número de control de estantería L-30218
Holdings
Estatus retirado Estado de pérdida Estado de daño No para préstamo Biblioteca de origen Biblioteca actual Ubicación en estantería Fecha de adquisición Fuente de adquisición Total de préstamos Signatura topográfica completa Código de barras Visto por última vez Precio de reemplazo Tipo de ítem Koha
        Biblioteca del Ateneo de Madrid Biblioteca del Ateneo de Madrid Depósito 2 04/03/2016     L-30218 1194868 23/02/2023 23/02/2023 Libro impreso